| 000 | 00559nam a2200193Ia 4500 | ||
|---|---|---|---|
| 005 | 20250326140459.0 | ||
| 008 | 250326s9999 xx 000 0 und d | ||
| 020 | _a0-521-26716-1 | ||
| 037 | _aTextbook | ||
| 040 |
_aFMSL _beng _cFMSL |
||
| 041 |
_aeng _2eng |
||
| 084 |
_aX.1 M6 _qFMSL |
||
| 100 |
_aChichilnisky Graciela _9388560 |
||
| 245 | 0 |
_aEvolving international economy _cChichilnisky Graciela; Heal Geoffrey |
|
| 260 |
_aNY _bNY, Cambridge University _c1986 |
||
| 300 | _aviii,156 | ||
| 942 |
_cTB _hX.1 M6 |
||
| 999 |
_c1286007 _d1286007 |
||